[Event "15th Trieste Open"]
[Site "Trieste ITA"]
[Date "2013.09.07"]
[Round "9"]
[White "Ashiku,F"]
[Black "Jovanic,O"]
[Result "0-1"]
[WhiteElo "2241"]
[BlackElo "2519"]

1.e4 c5 2.c3 Nf6 3.e5 Nd5 4.d4 cxd4 5.Nf3 d6 6.cxd4 Nc6 7.Bc4 Nb6 8.Bb5 Bd7
9.Nc3 dxe5 10.dxe5 g6 11.O-O Bg7 12.Qe2 O-O 13.Rd1 Qc7 14.h3 a6 15.Be3 Rad8
16.a4 Nc8 17.Nd5 Qb8 18.Bb6 Nxb6 19.Nxb6 Be8 20.Bxc6 Bxc6 21.Nd4 Bd5 22.Nf5 Bb3
23.Rxd8 Qxd8 24.Qe3 gxf5 25.Qxb3 e6 26.Rd1 Qc7 27.Nd7 Rd8 28.Nf6+ Bxf6 29.exf6 Rxd1+
30.Qxd1 h6 31.h4 Kh7 32.Qh5 Qc1+ 33.Kh2 Qf4+ 34.Kh3 Kg8 35.Qd1 Kh7 36.Qh5 Kg8
37.Qd1 Kh7 38.f3 Kg6 39.Qd8 Kh5 40.g3 Qxf3 41.Kh2 Qf2+ 42.Kh1 Kg4  0-1

[Event "TCh-SUI 2013"]
[Site "Switzerland SUI"]
[Date "2013.09.08"]
[Round "7.4"]
[White "Marciano,D"]
[Black "Ballmann,M"]
[Result "1-0"]
[WhiteElo "2498"]
[BlackElo "2369"]

1.e4 c5 2.c3 Nf6 3.e5 Nd5 4.Nf3 e6 5.Bc4 Nb6 6.Bb3 d5 7.exd6 Nc6 8.O-O h6
9.d4 c4 10.Bc2 Bxd6 11.Qe2 Qc7 12.Nbd2 Ne7 13.Ne4 Ned5 14.Nxd6+ Qxd6 15.Ne5 Qc7
16.Qg4 Kf8 17.Qe2 Bd7 18.Qf3 Nf6 19.Bf4 Qc8 20.Bg3 Bc6 21.Nxc6 Qxc6 22.Qxc6 bxc6
23.Bd6+ Ke8 24.a4 a5 25.f4 Nfd5 26.f5 Ne3 27.fxe6 Nxc2 28.Rac1 fxe6 29.Rxc2 Nxa4
30.Re2 Ra7 31.Rxe6+ Kd8 32.Ba3 Kc7 33.Rf7+ Kb8 34.Ree7 Rxe7 35.Rxe7 Rd8 36.Rxg7 c5
37.dxc5 Nxb2 38.c6 Kc8 39.Bc5 Na4 40.Be3 Nxc3 41.Bb6 Rf8 42.h4 Nd5 43.Bxa5 c3
44.Ra7 Kb8 45.Rb7+ Kc8 46.Rb5 Nf4 47.c7 Ne6 48.Rb8+ Kd7 49.Bxc3 Kxc7 50.Rxf8 Nxf8
51.Bg7 Ne6 52.Bxh6 Kd6 53.g4 Ke5 54.Kg2 Ke4 55.h5 Nd4 56.Bg7 Ne6 57.Kg3 Ng5
58.Bf6 Nf7 59.Kh4 Kf3 60.g5 Nd6 61.h6  1-0

[Event "Satka Autumn 2013"]
[Site "Satka RUS"]
[Date "2013.09.09"]
[Round "7"]
[White "Kiseleva,Olga"]
[Black "Andreeva,E"]
[Result "0-1"]
[WhiteElo "1752"]
[BlackElo "1992"]

1.e4 c5 2.c3 Nf6 3.e5 Nd5 4.d4 cxd4 5.Nf3 Nc6 6.cxd4 d6 7.Bc4 Nb6 8.Bb3 e6
9.O-O Be7 10.Nc3 O-O 11.Be3 a6 12.Rc1 Qc7 13.Qe2 Bd7 14.Rfd1 d5 15.Bc2 Nc4
16.Bb1 Nxe3 17.fxe3 Qa5 18.e4 Rac8 19.a3 Na7 20.exd5 exd5 21.Qd3 g6 22.Qe3 Be6
23.Qh6 Nb5 24.h4 Nxc3 25.bxc3 Bg4 26.Rf1 Rxc3 27.Ng5 Bxg5 28.Qxg5 Rxc1 29.Rxc1 Qxa3
30.Rf1 Bh5 31.Bf5 Qb4 32.Rf4 Qb6 33.Bd3 Bd1 34.Kh2 Re8 35.Qh6 Qc7 36.h5 Bc2
37.Be2 Bf5 38.Qg5 Be4 39.Bg4 a5 40.hxg6 Bxg6 41.Qh6 Qe7 42.Bf5 a4 43.e6 Bxf5
44.Rxf5 fxe6 45.Rg5+ Kh8 46.Rg3 Rg8 47.Rh3 Qg7 48.Qd2 e5 49.dxe5 Qxe5+ 50.Kg1 Qe4
51.Qf2 Qb1+ 52.Kh2 Qg6 53.Qd4+ Qg7 54.Qxd5 b5 55.Rf3 Qxg2+  0-1

[Event "FSGM Sept 2013"]
[Site "Budapest HUN"]
[Date "2013.09.11"]
[Round "4.4"]
[White "Schneider,Ve"]
[Black "Kislik,E"]
[Result "0-1"]
[WhiteElo "2266"]
[BlackElo "2368"]

1.e4 c5 2.c3 Nf6 3.e5 Nd5 4.Nf3 Nc6 5.d4 cxd4 6.cxd4 d6 7.Bc4 dxe5 8.Nxe5 e6
9.O-O Bd6 10.Re1 O-O 11.Nxc6 bxc6 12.Nd2 Qb6 13.Ne4 Be7 14.b3 a5 15.Bg5 Bb4
16.Bxd5 cxd5 17.Nf6+ gxf6 18.Bxf6 e5 19.Qf3 Qxd4 20.Bxe5 Qh4 21.Bf6 Qg4 22.Re5 h6
23.Qxg4+ Bxg4 24.Rxd5 Rfc8 25.h3 Be6 26.Rd3 Kh7 27.Rad1 Rc2 28.Rg3 Rg8 29.Rxg8 Kxg8
30.Rd3 Bc5 31.Rg3+ Kf8 32.Bg7+ Ke8 33.Rf3 Rc1+ 34.Kh2 Bd6+ 35.g3 Bd5 36.Re3+ Kd7
37.f3 Rc2+ 38.Kh1 Bc5 39.Rd3 Ke6 40.Bd4 Bxd4 41.Rxd4 Rxa2  0-1

[Event "Mohamed Slama Mem 2013"]
[Site "Monastir TUN"]
[Date "2013.09.14"]
[Round "8.11"]
[White "Mezioud,A"]
[Black "Boulkrouche,Y"]
[Result "1-0"]
[WhiteElo "2023"]
[BlackElo "2039"]

1.e4 c5 2.c3 Nf6 3.e5 Nd5 4.d4 cxd4 5.Nf3 e6 6.cxd4 Nc6 7.Bc4 Nb6 8.Bb3 d5
9.exd6 Bxd6 10.O-O Be7 11.Nc3 Nb4 12.Bf4 O-O 13.Rc1 N4d5 14.Bg3 f5 15.Be5 g5
16.Re1 g4 17.Nd2 Nxc3 18.bxc3 Ba3 19.Rc2 a5 20.Nb1 a4 21.Bxe6+ Bxe6 22.Nxa3 Bd5
23.c4 Bf7 24.d5 Qd7 25.Bc3 Rfe8 26.Rxe8+ Bxe8 27.Qd4 Kf8 28.Qh8+ Ke7 29.Qf6+  1-0

[Event "1st League Cent-SRB 2013"]
[Site "Kragujevac SRB"]
[Date "2013.09.15"]
[Round "3.3"]
[White "Brajovic,M"]
[Black "Cvetanovic,U"]
[Result "0-1"]
[WhiteElo "2135"]
[BlackElo "2258"]

1.e4 c5 2.c3 Nf6 3.e5 Nd5 4.d4 cxd4 5.cxd4 e6 6.Nc3 Nxc3 7.bxc3 d6 8.Nf3 Nc6
9.Bd3 Qa5 10.Bd2 dxe5 11.O-O exd4 12.cxd4 Bb4 13.Be3 O-O 14.Bxh7+ Kxh7 15.Ng5+ Kg8
16.Qh5 Qf5 17.f4 Qg6 18.Qf3 Ne7 19.h4 f6 20.Ne4 Bd7 21.h5 Qf5 22.Ng3 Qd5
23.Qg4 Nf5 24.Nxf5 Qxf5 25.Qh4 Bc6 26.a3 Bd6 27.g4 Qe4 28.Qg3 Bd5  0-1

[Event "US Chess League 2013"]
[Site "chess.com INT"]
[Date "2013.09.18"]
[Round "4"]
[White "Cunningham,R"]
[Black "Vigorito,D"]
[Result "1/2-1/2"]
[WhiteElo "2266"]
[BlackElo "2422"]

1.e4 c5 2.c3 Nf6 3.e5 Nd5 4.d4 cxd4 5.Nf3 Nc6 6.cxd4 d6 7.Bc4 Nb6 8.Bb5 d5
9.Nc3 Bf5 10.O-O e6 11.Be3 Rc8 12.Rc1 a6 13.Be2 Be7 14.Nd2 Nxe5 15.g4 Bg6
16.f4 Nd3 17.f5 Nxc1 18.Qxc1 Bd6 19.fxg6 hxg6 20.Nf3 Nc4 21.Rf2 Qc7 22.Bxc4 Qxc4
23.Bf4 Bb4 24.Bd2 O-O 25.Qf1 f6 26.Qxc4 Rxc4 27.h4 b5 28.a3 Bd6 29.Re2 Kf7
30.Kg2 Rfc8 31.Kf2 Bb8 32.Ke3 Ba7 33.Kd3 Bb6 34.Be1 Bd8 35.Nd2 R4c6 36.Nb3 Be7
37.Na5 R6c7 38.b4 Rh8 39.Bg3 Rcc8 40.Nb3 g5 41.hxg5 Rh3 42.Re3 Bd6 43.Bf4 Rxe3+
44.Bxe3 Rh8 45.gxf6 gxf6 46.Nc5 Bxc5 47.bxc5 Rg8 48.Na2 Rxg4 49.Nb4 a5 50.Nc6 Rg3
51.Nxa5 e5 52.Nc6 Ke6 53.Nb4 f5 54.Ke2 f4 55.Bf2 Rxa3 56.dxe5 Kxe5 57.c6 Kd6
58.c7 f3+ 59.Kd2 Kxc7 60.Nxd5+ Kd6 61.Nc3 Kc6 62.Bd4 b4 63.Nd1 Kd5 64.Bb2 Ra8
65.Kd3 Re8 66.Bd4 Re1 67.Ne3+ Kc6 68.Ng4 Kb5 69.Bf2 Re2 70.Be3 b3 71.Bd4 Ka4
72.Ne5 Re4 73.Nxf3 Rf4 74.Nd2 Rxd4+ 75.Kxd4 Kb4  1/2-1/2

[Event "US Chess League 2013"]
[Site "chess.com INT"]
[Date "2013.09.18"]
[Round "4"]
[White "Lee,Andy"]
[Black "Chandra,Akshat"]
[Result "0-1"]
[WhiteElo "2260"]
[BlackElo "2328"]

1.e4 c5 2.c3 Nf6 3.e5 Nd5 4.d4 cxd4 5.Nf3 e6 6.cxd4 d6 7.exd6 Bxd6 8.Bd3 O-O
9.O-O b6 10.Nc3 Nf6 11.Bg5 Bb7 12.Qe2 Nbd7 13.Rad1 Qb8 14.Rfe1 Nd5 15.Ne5 Nxe5
16.dxe5 Be7 17.Bxe7 Nxe7 18.Qh5 g6 19.Qh4 Nd5 20.Nb5 Ba6 21.Nd6 Bxd3 22.Rxd3 f5
23.Rxd5 exd5 24.Qd4 Qc7 25.Qxd5+ Kg7 26.e6 Qe7 27.Qe5+ Kg8 28.Nb5 Rac8 29.Nc3 Rfe8
30.h4 Qg7 31.Qb5 Qd4 32.h5 Qd6 33.Qb3 Kg7 34.Nb5 Qd2 35.h6+ Kxh6 36.Re3 Rc1+
37.Kh2 Qxf2 38.Rh3+ Kg7 39.Qa4 Rxe6 40.Qxa7+ Kf6 41.Rf3 Qh4+ 42.Rh3 Qf4+
43.Rg3 Rh1+ 44.Kxh1 Qxg3  0-1

[Event "Slama Mem Schev 2013"]
[Site "Monastir TUN"]
[Date "2013.09.18"]
[Round "5.2"]
[White "Bouzidi,Ahmed"]
[Black "Boudriga,M"]
[Result "1/2-1/2"]
[WhiteElo "2196"]
[BlackElo "2274"]

1.e4 c5 2.c3 Nf6 3.e5 Nd5 4.Bc4 Nb6 5.Bb3 d5 6.exd6 Qxd6 7.Nf3 Nc6 8.O-O Bf5
9.d4 cxd4 10.cxd4 e6 11.Nc3 Be7 12.a4 a6 13.Be3 Rd8 14.a5 Nd5 15.Nxd5 exd5
16.Ne5 O-O 17.Re1 Bf6 18.Bf4 Qb4 19.Nxc6 bxc6 20.Bc7 Rde8 21.Rxe8 Rxe8 22.Bb6 Re6
23.h3 h6 24.Rc1 Bg5 25.Rc3 Qe7 26.Kf1 Qd6 27.Kg1 Bf4 28.Bc2 Qe7 29.Kf1 Bxc2
30.Rxc2 Qb4 31.g3 Bg5 32.Qd3 Qe1+ 33.Kg2 Qb1 34.Rd2 Qe1 35.Rd1 Qe2 36.b4 Qxd3
37.Rxd3 Kf8 38.Bc5+ Ke8 39.h4 Bf6 40.h5 Kd7 41.Re3 Rxe3 42.fxe3 Bg5 43.Kf3 f5
44.Bf8 Bf6 45.Kf4 Ke6 46.Bc5 Bd8 47.Bb6 Bg5+ 48.Kf3 Kf7 49.Bc5 g6 50.hxg6+ Kxg6
51.Bf8 Kf7 52.Bc5 Ke6 53.Ke2 Kf7 54.Kf3 Kg6 55.Bd6 Kf7 56.Bc5 Ke6 57.Ke2 h5
58.Kf3 h4 59.gxh4 Bxh4 60.Kf4 Bf2 61.Bb6 Bg1 62.Kf3 Bh2 63.Kg2 Bb8 64.Kf3 Kf7
65.Bc5 Kf6 66.Bf8 Ke6 67.Bc5 Kf6 68.Bf8 Ke6 69.Bc5 f4 70.exf4 Kf5 71.Be7 Bxf4
72.Bc5 Bd2 73.Bd6 Bg5 74.Bc5 Bf6 75.Bb6 Kg5  1/2-1/2

[Event "63rd TCh-BUL GpB 2013"]
[Site "Sunny Beach BUL"]
[Date "2013.09.19"]
[Round "1.3"]
[White "Nikolov,J"]
[Black "Todorov,Mo"]
[Result "0-1"]
[WhiteElo "2047"]
[BlackElo "2230"]

1.e4 c5 2.c3 Nf6 3.e5 Nd5 4.Nf3 e6 5.d4 cxd4 6.cxd4 d6 7.a3 Bd7 8.Bd3 Bc6
9.O-O Nd7 10.b4 a6 11.Re1 Qc7 12.Ra2 dxe5 13.dxe5 Be7 14.Qc2 Bxb4 15.axb4 Nxb4
16.Qe2 Nxa2 17.Qxa2 Bxf3 18.gxf3 O-O 19.f4 Nc5 20.Qc2 g6 21.Be3 Rac8 22.Rc1 b6
23.Qe2 Qb7 24.Bxc5 Rxc5 25.Rxc5 bxc5 26.Nc3 Rd8 27.Ne4 Qb4 28.Nd6 Qxf4 29.Bxa6 Rb8
30.Bb7 c4 31.Qb2 f6 32.Qb6 fxe5 33.Qc7 Rf8 34.f3 Qe3+ 35.Kg2 Qe2+ 36.Kg3 Qe1+
37.Kg2 Qd2+ 38.Kg3 c3 39.Be4 c2 40.Qe7 Qf4+ 41.Kg2 c1=Q 42.Qxe6+ Kh8  0-1

[Event "Baku Open 2013"]
[Site "Baku AZE"]
[Date "2013.09.20"]
[Round "2.16"]
[White "Mammadov,Z"]
[Black "Smirnov,P"]
[Result "0-1"]
[WhiteElo "2436"]
[BlackElo "2627"]

1.e4 c5 2.c3 Nf6 3.e5 Nd5 4.Nf3 Nc6 5.Bc4 Nb6 6.Bb3 c4 7.Bc2 Qc7 8.Qe2 g5
9.h3 Bg7 10.O-O Nxe5 11.Nxg5 d5 12.Re1 Qd6 13.b3 Qf6 14.bxc4 dxc4 15.Ne4 Qg6
16.Ba3 f5 17.Ng3 h5 18.Bc5 h4 19.Nf1 Nd5 20.Be3 Bd7 21.f4 Nd3 22.Bxd3 cxd3
23.Qf2 Bc6 24.Nh2 Bh6 25.Nf3 Bxf4 26.Qf1 O-O-O 27.Bd4 Rhg8 28.Na3 Bxd2 29.Ne5 Qxg2+
30.Qxg2 Nf4 31.Nxc6 Rxg2+ 32.Kf1 bxc6 33.Rxe7 Rxd4 34.cxd4 Bc3 35.Rc1 d2  0-1

[Event "46th TCh-BUL w 2013"]
[Site "Sunny Beach BUL"]
[Date "2013.09.20"]
[Round "2.4"]
[White "Stefanova,M"]
[Black "Shtereva,S"]
[Result "1-0"]
[WhiteElo "2001"]
[BlackElo "2064"]

1.e4 c5 2.c3 Nf6 3.e5 Nd5 4.Bc4 Nb6 5.Bb3 e6 6.d4 cxd4 7.cxd4 d6 8.exd6 Bxd6
9.Nf3 Nc6 10.Nc3 Ne7 11.Bg5 h6 12.Be3 Bd7 13.Ne5 Bxe5 14.dxe5 Bc6 15.Qg4 Nf5
16.Bxe6 Nxe3 17.fxe3 O-O 18.Bf5 Qe7 19.e6 fxe6 20.Bxe6+ Kh8 21.O-O-O Rf6
22.Bb3 Qxe3+ 23.Kb1 Re8 24.Bc2 Qf2 25.Qh5 Qxg2 26.Ne4 Rxe4 27.Rhg1 Qf3 28.Rd8+ Kh7
29.Qxf3 Rxf3 30.Re1 Nc4 31.Rxe4 Bxe4 32.Bxe4+  1-0

[Event "TCh-CRO 2a Liga 2013"]
[Site "Bol CRO"]
[Date "2013.09.21"]
[Round "8.2"]
[White "Vidovic,S"]
[Black "Radocaj,D"]
[Result "1-0"]
[WhiteElo "2345"]
[BlackElo "2309"]

1.e4 c5 2.c3 Nf6 3.e5 Nd5 4.d4 cxd4 5.Qxd4 e6 6.Nf3 Nc6 7.Qe4 d6 8.Bb5 Bd7
9.c4 Nb6 10.exd6 Bxd6 11.O-O a6 12.Rd1 Qe7 13.Be3 Bc5 14.b4 f5 15.Qd3 Nxb4
16.Bxd7+ Nxd7 17.Qb3 Bxe3 18.fxe3 O-O-O 19.Nd4 Ne5 20.Nc3 Rd7 21.Na4 Kb8
22.Rab1 Nec6 23.Nxc6+ Nxc6 24.Rxd7 Qxd7 25.Nc5 Qe7 26.Nxb7 Qc7 27.Nc5+ Ka7
28.Nxe6  1-0

[Event "TCh-NED Meesterklasse 2013-14"]
[Site "Netherland NED"]
[Date "2013.09.21"]
[Round "1.9"]
[White "Sekandar,K"]
[Black "Michielsen,J"]
[Result "1-0"]
[WhiteElo "2058"]
[BlackElo "2356"]

1.e4 c5 2.c3 Nf6 3.e5 Nd5 4.Nf3 e6 5.d4 cxd4 6.cxd4 d6 7.Bc4 Nb6 8.Bd3 Nc6
9.Nc3 dxe5 10.dxe5 Nb4 11.Bb5+ Bd7 12.Bg5 Be7 13.Bxe7 Qxe7 14.a3 Rd8 15.Nd4 Nc6
16.Nxc6 bxc6 17.Bd3 Qg5 18.Qe2 Qxg2 19.O-O-O Qg5+ 20.Kb1 Nd5 21.Nxd5 cxd5
22.Rdg1 Qh6 23.h4 O-O 24.Rg5 g6 25.Rhg1 Qxh4 26.Rh5 Qd4 27.Rxh7 Bb5 28.Bxg6  1-0

[Event "e2e4 Bedford Open 2013"]
[Site "Bedford ENG"]
[Date "2013.09.22"]
[Round "5"]
[White "Sathyanandha,Sa"]
[Black "Molofej,D"]
[Result "1-0"]
[WhiteElo "2127"]
[BlackElo "2053"]

1.e4 c5 2.c3 Nf6 3.e5 Nd5 4.d4 cxd4 5.Nf3 e6 6.cxd4 b6 7.Nc3 Nxc3 8.bxc3 Qc7
9.Bd2 Bb7 10.Bd3 d6 11.O-O Nd7 12.Re1 dxe5 13.Nxe5 Nxe5 14.Rxe5 Bd6 15.Bb5+ Kf8
16.Rh5 g6 17.Bh6+ Kg8 18.Qd2 Bf8 19.Rh3 Bxh6 20.Qxh6 e5 21.Re1 exd4 22.cxd4 a6
23.Rhe3 Bc6 24.Bxc6 Qxc6 25.d5 Qb5 26.d6 Rd8 27.Re7  1-0

[Event "Baku Open 2013"]
[Site "Baku AZE"]
[Date "2013.09.23"]
[Round "5.17"]
[White "Pourramezanali,A"]
[Black "Kotronias,V"]
[Result "0-1"]
[WhiteElo "2455"]
[BlackElo "2579"]

1.e4 c5 2.c3 Nf6 3.e5 Nd5 4.d4 cxd4 5.Nf3 e6 6.cxd4 b6 7.Nc3 Nxc3 8.bxc3 Qc7
9.Bd2 Bb7 10.Bd3 d6 11.O-O Nd7 12.Re1 dxe5 13.Nxe5 Nxe5 14.Rxe5 Bd6 15.Rh5 g6
16.Bb5+ Ke7 17.Rh4 h5 18.Qe2 Kf6 19.c4 Rac8 20.Rc1 a6 21.Ba4 b5 22.cxb5 Qxc1+
23.Bxc1 Rxc1+ 24.Bd1 Bd5 25.bxa6 Kg7 26.Rh3 Rhc8 27.a7 Ra1 28.Rd3 Rxa2 29.Rd2 Rxa7
30.Rc2 Rb8 31.Rb2 Rba8 32.Qc2 Rc7 33.Qb1 Bf4 34.Bc2 Rac8 35.Qd1 Bd6  0-1

[Event "9th Highlands IM"]
[Site "Trebic CZE"]
[Date "2013.09.24"]
[Round "5"]
[White "Buchnicek,P"]
[Black "Seidl,S"]
[Result "1/2-1/2"]
[WhiteElo "2335"]
[BlackElo "2211"]

1.e4 c5 2.c3 Nf6 3.e5 Nd5 4.d4 cxd4 5.cxd4 e6 6.Nc3 d6 7.Nf3 Nc6 8.exd6 Qxd6
9.Bc4 Nxc3 10.bxc3 Be7 11.O-O b6 12.Qe2 Bb7 13.Bd3 Rc8 14.Bb2 O-O 15.Rfe1 Qf4
16.Rad1 Bf6 17.Bc1 Qc7 18.Qe4 g6 19.Qg4 Ne7 20.Bh6 Bxf3 21.Qxf3 Bg7 22.Bd2 Nf5
23.Ba6 Rcd8 24.Bf4 Qe7 25.a4 Rd5 26.Qxd5 exd5 27.Rxe7 Nxe7 28.Bd6 Bf6 29.Re1 Rd8
30.Bxe7 Re8 31.Kf1 Rxe7 32.Rxe7 Bxe7 33.Bb7 Ba3 34.Ke2 Kf8 35.a5 Ke7 36.Bxd5 f6
37.a6 g5 38.Kd3 h5 39.Bf3 h4 40.Ke4 Bb2 41.c4 Kd6 42.Bh5 Bc3 43.Be2 Be1 44.Ke3 Bc3
45.g3 Be1 46.Bf1 Bc3 47.gxh4 gxh4 48.f3 Bb2 49.Bd3 Bc3 50.Ke4 Bb2 51.h3 Bc3
52.d5 Bb2 53.Kf5 Bd4 54.Kg4 Bf2 55.Kh5 Be1 56.Kg6 Bc3 57.Kf7 Bd4 58.Be4 Bc3
59.Ke8 Be5 60.Kd8 Bf4 61.Kc8 Bg3 62.Kb7 Bf4 63.Kxa7 Kc7  1/2-1/2

[Event "46th TCh-BUL w 2013"]
[Site "Sunny Beach BUL"]
[Date "2013.09.25"]
[Round "7.4"]
[White "Stefanova,M"]
[Black "Gocheva,R"]
[Result "0-1"]
[WhiteElo "2001"]
[BlackElo "2134"]

1.e4 c5 2.c3 Nf6 3.e5 Nd5 4.Bc4 Nb6 5.Bb3 c4 6.Bc2 d6 7.exd6 Qxd6 8.d4 cxd3
9.Bxd3 Nc6 10.Na3 a6 11.Be3 Nd5 12.Nc4 Qc7 13.a4 Na5 14.Nxa5 Nxe3 15.fxe3 Qxa5
16.Qf3 g6 17.Be4 Bg7 18.Bc6+ Kf8 19.Ne2 bxc6 20.Qxc6 Rb8 21.Rd1 Bb7 22.Qd7 Bf6
23.O-O Kg7 24.Nf4 Rhd8 25.Qg4 h5 26.Qg3 Qg5 27.Qf2 Be4 28.b4 Rxd1 29.Rxd1 Bxc3
30.Qf1 Rxb4 31.Qxa6 Be5 32.Qf1 Bxf4 33.exf4 Qc5+ 34.Kh1 Rb2  0-1

[Event "12th Forchheim Open A 2013"]
[Site "Forchheim GER"]
[Date "2013.09.27"]
[Round "1.21"]
[White "Otto,A"]
[Black "Steinhart,C"]
[Result "0-1"]
[WhiteElo "2066"]
[BlackElo "1966"]

1.e4 c5 2.c3 Nf6 3.e5 Nd5 4.d4 cxd4 5.Nf3 d6 6.cxd4 Nc6 7.Bc4 Nb6 8.Bb5 Bd7
9.Nc3 dxe5 10.dxe5 g6 11.O-O Bg7 12.Qe2 O-O 13.Bf4 Qc7 14.h3 a6 15.Bd3 Nb4
16.Be4 Bc6 17.Rac1 Rad8 18.Rfd1 Qb8 19.Bxc6 Nxc6 20.Be3 Nd7 21.e6 fxe6 22.Ng5 Qe5
23.f4 Qf5 24.g4 Qf6 25.Nce4 Qxb2 26.Qxb2 Bxb2 27.Rb1 Nf6 28.Rxd8 Nxd8 29.Rxb2 Nd5
30.Bd2 h6 31.Nf3 Nxf4 32.Bxf4 Rxf4 33.Nfd2 Kf7 34.Rb3 e5 35.Rb6 h5 36.gxh5 gxh5
37.Kg2 Kg7 38.Rb3 Rh4 39.Rd3 Ne6 40.Rg3+ Kh6 41.Kh2 Nd4 42.Nc5  0-1

[Event "UKR-POL Academic Teams"]
[Site "Lviv UKR"]
[Date "2013.09.27"]
[Round "3"]
[White "Kosiorek,P"]
[Black "Susla,Mikhail"]
[Result "1-0"]
[WhiteElo "1973"]
[BlackElo "1986"]

1.e4 c5 2.c3 Nf6 3.e5 Nd5 4.d4 cxd4 5.Nf3 d6 6.cxd4 e6 7.Bc4 Nb6 8.Bd3 Nc6
9.O-O Be7 10.Nc3 a6 11.a3 Nd7 12.exd6 Bxd6 13.d5 Ne7 14.dxe6 fxe6 15.Ng5 Nf6
16.Re1 Qc7 17.g3 O-O 18.Nxe6 Bxe6 19.Rxe6 Rad8 20.Bg5 Kh8 21.Bxf6 Rxf6 22.Rxf6 gxf6
23.Qh5 Ng8 24.Nd5 Qg7 25.Re1 Be5 26.Bc4 Ne7 27.Nxe7 Qxe7 28.b4 Qg7 29.Re2 Qg6
30.Qf3 Qg7 31.Kg2 Qc7 32.Bd5 b6 33.Be4 Qg7 34.Rc2 Qe7 35.Rc6 Bd4 36.Qf5 Re8
37.Re6  1-0

[Event "4th Biella Open A 2013"]
[Site "Biella ITA"]
[Date "2013.09.28"]
[Round "2.12"]
[White "Sgnaolin,D"]
[Black "Siclari,Giovanni"]
[Result "1-0"]
[WhiteElo "2238"]
[BlackElo "2059"]

1.e4 c5 2.c3 Nf6 3.e5 Nd5 4.Nf3 e6 5.d4 cxd4 6.cxd4 d6 7.Bd2 Be7 8.Bc4 Nc6
9.O-O O-O 10.Qe2 Bd7 11.Nc3 Nxc3 12.Bxc3 d5 13.Bb3 Qb6 14.Rfd1 Rfc8 15.h4 a5
16.Bc2 a4 17.a3 Na5 18.Nd2 Nb3 19.Nxb3 axb3 20.Bd3 Bxa3 21.Qh5 g6 22.Qg5 Bf8
23.h5 Qd8 24.Qg4 b5 25.Bd2 Ra2 26.hxg6 hxg6 27.g3 Be8 28.Kg2 Rxb2 29.Ra7 Rc7
30.Ba5 Ra2 31.Bxc7 Qc8 32.Rxa2 bxa2 33.Bd6 Qc3 34.Qg5 a1=Q 35.Rxa1 Qxa1 36.Qd8 Bxd6
37.exd6 Kg7 38.Qxe8 Qxd4 39.d7 Qxd3 40.d8=Q Qe4+ 41.Kh2  1-0

[Event "UKR-POL Academic Teams"]
[Site "Lviv UKR"]
[Date "2013.09.28"]
[Round "5"]
[White "Mazurchak,B"]
[Black "Barski,R"]
[Result "1-0"]
[WhiteElo "2209"]
[BlackElo "2278"]

1.e4 c5 2.c3 Nf6 3.e5 Nd5 4.d4 cxd4 5.cxd4 e6 6.Nc3 Nxc3 7.bxc3 d6 8.f4 Qc7
9.Bd2 Nc6 10.Nf3 Bd7 11.Bd3 Na5 12.Qe2 d5 13.O-O Be7 14.Ng5 g6 15.Rf3 Nc4
16.Rh3 Bxg5 17.fxg5 O-O-O 18.Rf1 Be8 19.Rf4 Kb8 20.Rfh4 Rc8 21.Rxh7 Rxh7
22.Rxh7 Qb6 23.Be1 Nb2 24.Bc2 Na4 25.Rh8 Qb2 26.Bd1 Qa3 27.Rxe8 Rxe8 28.Qb5 Rc8
29.Qxa4 Qc1 30.h4 Qe3+ 31.Kf1 Qf4+ 32.Bf3 Rc6 33.Qc2 Rb6 34.Ke2 Qh2 35.Ke3 Qh1
36.Ke2 Qh2 37.Qc1 a5 38.Bf2 a4 39.Ke3 a3 40.Qe1  1-0

[Event "TCh-NOR Club 2013"]
[Site "Fagernes NOR"]
[Date "2013.09.29"]
[Round "5.8"]
[White "Zachariassen,B"]
[Black "Guttulsrud,O"]
[Result "0-1"]
[WhiteElo "1957"]
[BlackElo "2191"]

1.e4 c5 2.c3 Nf6 3.e5 Nd5 4.Nf3 Nc6 5.d4 cxd4 6.cxd4 d6 7.Bc4 Nb6 8.Bb3 g6
9.O-O Bg7 10.Qe2 d5 11.Nc3 O-O 12.a4 a5 13.h3 Nb4 14.Rd1 Bd7 15.Bd2 e6 16.Nb5 Bc6
17.Rdc1 Qe7 18.Rc5 Nd7 19.Bxb4 axb4 20.Rc2 Ra5 21.Rd1 Nb6 22.Nd6 f6 23.Qe1 fxe5
24.Qxb4 Ra6 25.dxe5 Rxf3 26.gxf3 Bxe5 27.Re2 Bxd6 28.Qg4 Kf7 29.Rde1 Bd7
30.a5 Rxa5 31.h4 Rb5 32.Bc2 Rb4  0-1

[Event "12th Forchheim Open A 2013"]
[Site "Forchheim GER"]
[Date "2013.09.29"]
[Round "4.7"]
[White "Glawe,Ralf"]
[Black "Kunz,K"]
[Result "0-1"]
[WhiteElo "2019"]
[BlackElo "2174"]

1.e4 c5 2.c3 Nf6 3.e5 Nd5 4.d4 cxd4 5.Nf3 d6 6.cxd4 Nc6 7.Bc4 Nb6 8.Bb3 dxe5
9.d5 Na5 10.Nc3 Bg4 11.Be3 Nxb3 12.Qxb3 Bxf3 13.gxf3 g6 14.O-O-O Bg7 15.Kb1 O-O
16.Ne4 Qd7 17.Rd3 Nc8 18.d6 Nxd6 19.Bc5 b6 20.Bxd6 exd6 21.Rxd6 Qe7 22.h4 Rad8
23.Rhd1 Rxd6 24.Rxd6 Rd8 25.Qd5 Rxd6 26.Nxd6 Qd7 27.Kc2 Bf8 28.Ne4 Qxd5 29.Nf6+ Kg7
30.Nxd5 Bc5 31.Ne3 Bxe3 32.fxe3 Kh6 33.Kd3 Kh5 34.Ke4 f6 35.f4 exf4 36.exf4 Kxh4
37.f5 gxf5+ 38.Kf4 h5  0-1

[Event "Grand Open Blagoevgrad 2013"]
[Site "Blagoevgrad BUL"]
[Date "2013.09.30"]
[Round "4.6"]
[White "Kralevski,Aleksander"]
[Black "Palac,M"]
[Result "0-1"]
[WhiteElo "2156"]
[BlackElo "2562"]

1.e4 c5 2.c3 Nf6 3.e5 Nd5 4.d4 cxd4 5.Nf3 e6 6.cxd4 b6 7.Nc3 Nxc3 8.bxc3 Qc7
9.Bd2 d6 10.Bd3 Be7 11.O-O O-O 12.Ng5 Bxg5  0-1

[Event "Oslo Int Open 2013"]
[Site "Oslo NOR"]
[Date "2013.09.30"]
[Round "2"]
[White "Dolzhikova,O"]
[Black "Elsness,F"]
[Result "0-1"]
[WhiteElo "2237"]
[BlackElo "2505"]

1.e4 c5 2.c3 Nf6 3.e5 Nd5 4.d4 cxd4 5.Qxd4 e6 6.Nf3 Nc6 7.Qe4 f5 8.Qe2 b5
9.g3 Be7 10.Bg2 a5 11.O-O O-O 12.Rd1 Ba6 13.Nd4 Nxd4 14.Rxd4 Bc5 15.Bxd5 exd5
16.Rxd5 b4 17.Qe1 Rc8 18.Be3 Bxe3 19.Qxe3 f4 20.Qa7 fxg3 21.hxg3 Qg5 22.Nd2 bxc3
23.bxc3 Rxc3 24.Ne4 Rc1+ 25.Rxc1 Qxc1+ 26.Kh2 Qh6+ 27.Kg1 Qc1+ 28.Kg2 Bf1+  0-1

[Event "23rd EYCC Open U16 2013"]
[Site "Budva MNE"]
[Date "2013.10.01"]
[Round "3.15"]
[White "Abal Cores,L"]
[Black "Garriga Cazorla,Pere"]
[Result "0-1"]
[WhiteElo "2130"]
[BlackElo "2233"]

1.e4 c5 2.c3 Nf6 3.e5 Nd5 4.d4 d6 5.exd6 Qxd6 6.Nf3 Nc6 7.c4 Nf6 8.d5 Ne5
9.Be2 Nxf3+ 10.Bxf3 e5 11.Nc3 a6 12.O-O Be7 13.Re1 Bf5 14.Qe2 Nd7 15.Be4 Bxe4
16.Nxe4 Qg6 17.b3 O-O 18.Bb2 f5 19.Nd2 Bd6 20.f3 Rae8 21.Qd3 Nf6 22.Qc2 Nh5
23.Nf1 Nf4 24.Rad1 e4 25.fxe4 fxe4 26.Re3 Nd3 27.Ng3 Rf2 28.Re2 Bxg3 29.hxg3 Ref8
30.Rxf2 Rxf2 31.Rd2 e3 32.d6 Rxd2 33.d7 Qd6  0-1

[Event "12th Forchheim Open A 2013"]
[Site "Forchheim GER"]
[Date "2013.10.03"]
[Round "3.21"]
[White "Meulner,K"]
[Black "Karasek,Christian"]
[Result "0-1"]
[WhiteElo "2158"]
[BlackElo "2058"]

1.e4 c5 2.c3 Nf6 3.e5 Nd5 4.d4 cxd4 5.Nf3 Nc6 6.cxd4 d6 7.Bc4 Nb6 8.Bb3 e6
9.O-O d5 10.Nc3 Be7 11.a3 a6 12.Bc2 Bd7 13.b3 Nc8 14.Bb2 b5 15.a4 b4 16.Ne2 Qb6
17.Nf4 N8a7 18.Rc1 Na5 19.Bb1 N7c6 20.Nd3 Nb7 21.Qd2 Nca5 22.Ba2 Rc8 23.Rxc8+ Bxc8
24.Rc1 Bd7 25.Qe3 Nc6 26.Bb1 h6 27.Nf4 Nba5 28.Nh5 g6 29.Nf4 Kd8 30.Ba2 Kc7
31.Nd3 Nb7 32.Bb1 Kb8 33.Qf4 Be8 34.Rc2 Nca5 35.Nc1 Nc6 36.Qe3 Bd7 37.Nd3 Nca5
38.Nc5 Nxc5 39.dxc5 Qb7 40.Qf4 Rf8 41.Nd4 g5 42.Qe3 Rc8 43.Qc1 Bf8 44.h4 gxh4
45.f4 Be7 46.Kh1 Nc6 47.Nxc6+ Bxc6 48.Bd4 Rg8 49.Rd2 Qc8 50.Qf1 Ka7 51.Rd3 Qf8
52.Rh3 a5 53.Bd3 Bxc5 54.Qf2 Kb6 55.Rxh4 Bxd4 56.Qxd4+ Qc5 57.f5 Qxd4 58.Rxd4 Kc5
59.Rh4 Rg3 60.Bf1 exf5  0-1

[Event "Lichtenrader Herbst 2013"]
[Site "Berlin GER"]
[Date "2013.10.04"]
[Round "7.17"]
[White "Schwarz,Ol2"]
[Black "Boettcher,P"]
[Result "0-1"]
[WhiteElo "1983"]
[BlackElo "2176"]

1.e4 c5 2.c3 Nf6 3.e5 Nd5 4.d4 cxd4 5.Qxd4 e6 6.Nf3 Nc6 7.Qe4 f5 8.Qe2 d6
9.g3 Qc7 10.exd6 Bxd6 11.Bg2 O-O 12.O-O Bd7 13.Ng5 Rae8 14.Bxd5 exd5 15.Qd3 Ne5
16.Qxd5+ Kh8 17.Na3 Bc6 18.Qd1 h6 19.Qh5 Kg8 20.Nc2 hxg5 21.Nd4 g4 22.f4 Nf3+  0-1

[Event "Lichtenrader Herbst 2013"]
[Site "Berlin GER"]
[Date "2013.10.05"]
[Round "8.17"]
[White "Wecker,Martin"]
[Black "Postler,R"]
[Result "0-1"]
[WhiteElo "2055"]
[BlackElo "2249"]

1.e4 c5 2.c3 Nf6 3.e5 Nd5 4.Nf3 Nc6 5.Bc4 e6 6.d4 cxd4 7.cxd4 d6 8.O-O Be7
9.Re1 O-O 10.exd6 Qxd6 11.Nc3 Nxc3 12.bxc3 b6 13.Bd3 Bb7 14.Ng5 h6 15.Qh5 Bxg5
16.Bxg5 Qd5 17.h4 f5 18.Bxh6 Rf7 19.Qg6 Ne7 20.Qg3 Rc8 21.Re5 Qd7 22.Rae1 Bd5
23.c4 Bxc4 24.Bxc4 Rxc4 25.Rxe6 Rxd4 26.Bg5 Nc6 27.Qf3 Rd5 28.Re8+ Rf8 29.Qh5 Rd6
30.Bc1 b5 31.Bb2 Rh6 32.Qg5 Rxe8 33.Rxe8+ Kh7 34.Rf8 Qd1+  0-1

[Event "23rd EYCC Open U16 2013"]
[Site "Budva MNE"]
[Date "2013.10.06"]
[Round "7.14"]
[White "Abal Cores,L"]
[Black "Toma,Ra"]
[Result "0-1"]
[WhiteElo "2130"]
[BlackElo "2255"]

1.e4 c5 2.c3 Nf6 3.e5 Nd5 4.d4 cxd4 5.Nf3 Nc6 6.Bc4 e6 7.O-O Be7 8.cxd4 d6
9.exd6 Qxd6 10.Nc3 Nxc3 11.bxc3 O-O 12.a4 Qc7 13.Bd3 Bf6 14.Bg5 Qd8 15.Bf4 b6
16.Qe2 Bb7 17.Nd2 Re8 18.Nc4 Re7 19.Nd6 Na5 20.Nxb7 Nxb7 21.Be4 Rc8 22.Qh5 g6
23.Qf3 Na5 24.h4 Bxh4 25.g3 Bf6 26.Kg2 Rd7 27.Rh1 Bg5 28.Rxh7 Kxh7 29.Bxg6+ Kxg6
30.Rh1 Bxf4 31.gxf4 Kf6 32.f5 Qg8+ 33.Kf1 Ke7 34.Rh6 Kd6 35.Qf4+ Kc6 36.Qe4+ Kc7
37.fxe6 fxe6 38.Rxe6 Qg5 39.Re5 Qc1+ 40.Ke2 Qxc3 41.Qf4 Kb7  0-1